Environment, Development and Sustainability

書目詳細資料
格式: 電子 雜誌
語言:English
出版: Springer Netherlands
在線閱讀:Full text available on Springer
Off-campus access
LEADER 00926cas a2200205 a 4500
001 AALejournalSpringer000700
008 230103c9999 xx r poo 0 0eng d
022 |a 1387-585X 
022 |a 1573-2975 
040 |a BD-DhAAL  |c BD-DhAAL 
245 0 0 |h [electronic resource]  |a Environment, Development and Sustainability 
260 |b Springer Netherlands 
300 |a 1 online resource 
362 0 |a Vol. 1, no. 1 
500 |a <strong>Off-Campus Access:</strong> Athens ID and Password Required 
500 |a <strong>On-Campus Access:</strong> No User ID or Password Required 
506 |a Electronic access restricted to authorized BRAC University faculty, staff and students 
538 |a Mode of access: Internet 
856 4 0 |z Full text available on Springer  |u https://link.springer.com/journal/10668 
856 4 0 |z Off-campus access  |u https://go.openathens.net/redirector/bracu.ac.bd?url=https%3A%2F%2Flink.springer.com%2Fjournal%2F10668